Theory Of Machines (Record no. 131313)

MARC details
000 -LEADER
fixed length control field 00413nam a2200169Ia 4500
008 - FIXED-LENGTH DATA ELEMENTS--GENERAL INFORMATION
fixed length control field 230312s9999 xx 000 0 und d
041 ## - LANGUAGE CODE
Language code of text/sound track or separate title eng
082 ## - DEWEY DECIMAL CLASSIFICATION NUMBER
Classification number 621.8
Item number 621.8 KHU
100 ## - MAIN ENTRY--PERSONAL NAME
Personal name Khurmi R.S.
9 (RLIN) 141538
245 ## - TITLE STATEMENT
Title Theory Of Machines
260 ## - PUBLICATION, DISTRIBUTION, ETC. (IMPRINT)
Name of publisher, distributor, etc. Eurasia Pub.Hou.
365 ## - TRADE PRICE
Currency code Rs.
Price amount 675.00
700 ## - ADDED ENTRY--PERSONAL NAME
Personal name GuptaJ.K.
710 ## - ADDED ENTRY--CORPORATE NAME
Corporate name or jurisdiction name as entry element Khurmi R.S. & Gupta J.K.
906 ## - LOCAL DATA ELEMENT F, LDF (RLIN)
b 540

No items available.